Democratic politics-I: textbook in political science for Class IX / (Record no. 63)

000 -LEADER
fixed length control field 00522 a2200157 4500
008 - FIXED-LENGTH DATA ELEMENTS--GENERAL INFORMATION
fixed length control field 190917b ||||| |||| 00| 0 eng d
020 ## - INTERNATIONAL STANDARD BOOK NUMBER
International Standard Book Number 8174505377
082 00 - DEWEY DECIMAL CLASSIFICATION NUMBER
Classification number 321.8
Item number N3373
110 ## - MAIN ENTRY--CORPORATE NAME
9 (RLIN) 4922
Corporate name or jurisdiction name as entry element National Council of Educational Research and Training (NCERT)
245 ## - TITLE STATEMENT
Title Democratic politics-I: textbook in political science for Class IX /
250 ## - EDITION STATEMENT
Edition statement 1st ed.
260 ## - PUBLICATION, DISTRIBUTION, ETC. (IMPRINT)
Place of publication, distribution, etc New Delhi:
Name of publisher, distributor, etc National Council of Educational Research and Training,
Date of publication, distribution, etc 2018.
300 ## - PHYSICAL DESCRIPTION
Extent 112 p.
650 #0 - SUBJECT ADDED ENTRY--TOPICAL TERM
Topical term or geographic name as entry element Political Science
942 ## - ADDED ENTRY ELEMENTS (KOHA)
Source of classification or shelving scheme
Item type Books
Holdings
Withdrawn status Lost status Source of classification or shelving scheme Damaged status Not for loan Permanent location Current location Date acquired Source of acquisition Cost, normal purchase price Full call number Barcode Date last seen Cost, replacement price Koha item type Total Checkouts Checked out Date last borrowed
          IMU Kolkata IMU Kolkata 2018-12-15 Katha-O-Kahini 73.60 321.8 N3373 13455 2019-09-05 80.00 Books      
          IMU Kolkata IMU Kolkata 2018-12-15 Katha-O-Kahini 73.60 321.8 N3373 13456 2019-09-05 80.00 Books      
          IMU Kolkata IMU Kolkata 2018-12-15 Katha-O-Kahini 73.60 321.8 N3373 13457 2026-03-20 80.00 Books 1 2026-04-04 2026-03-20
          IMU Kolkata IMU Kolkata 2018-12-15 Katha-O-Kahini 73.60 321.8 N3373 13458 2019-09-05 80.00 Books      
Designed and Maintained by IMU-KC Library, Kolkata Campus © Copyright All Rights Reserved

webs counters

Powered by Koha